Представление документа в формате RUSMARC

ПолеНазваниеЗначение
  Тип записи a
  Библиографический уровень m
001 Контрольный номер 3a28a3ee76fb499c895ed7aa54f6ae2f
005 Дата корректировки 20221213165616.2
010 Индекс ISBN __
d Цена 1-60
101 Язык документа 0_
a Язык текста rus
c Язык оригинала rus
200 Заглавие и сведения об ответственности 1_
a Заглавие Годы без войны
f Первые сведения об ответственности А. А. Ананьев
b Общее обозначение материала Текст
h Номер части Кн. 3
210 Выходные данные 1_
a Место издания М.
c Издательство Совет. писатель
d Дата издания 1981
215 Физическое описание __
a Объем 368 с., портр.
330 Аннотация __
a Аннотация Действие З·й книги романа А. Ананьева относится к середине 1960-х годов. Две сюжетные линии определяют его развитие: курс коммунистической партии на совершенствование сельского хозяйства (его воплощает в жизнь один из героев романа - молодой секретарь райкома партии Лукин); другая - развитие энергетической и сырьевой базы страны. На этом "фронте" с большой отдачей трудится назначенный начальником строительства газопровода в Сибири Дементий Сухогрудов. Продолжены судьбы и других героев предыдущих книг. Писатель обращается ко многим морально-этическим, хозяйственным, международным проблемам злободневным и в настоящее время
606 Тематические рубрики __
a Основная рубрика Художественная литература
z Хронологическая подрубрика 20 в.
y Географическая подрубрика Россия
606 Тематические рубрики __
a Основная рубрика Русская литература XX в. (произведения)
610 Ключевые слова 0_
a Ключевые слова прозаики; романы; тема морали; тема этики
686 Индексы других классификаций __
a Классификационный индекс 84(2Рос=Рус)6-4
700 Автор _1
a Фамилия Ананьев
b Имя А. А.
4 Код отношения 070
801 Источник записи _0
a Страна RU
b Организация Муниципальное бюджетное учреждение культуры "Централизованная библиотечная система" г. Сургут (Центральная городская библиотека им. А. С. Пушкина)
g Правила каталогизации КиК/Лебедева
801 Источник записи _1
a Страна RU
b Организация Муниципальное бюджетное учреждение культуры "Централизованная библиотечная система" г. Сургут (Центральная городская библиотека им. А. С. Пушкина)
g Правила каталогизации КиК/Лебедева
852 Данные о местонахождении __
j Шифр хранения 84(2Рос=Рус)6-4
c Каталожный индекс 84(2Рос=Рус)6-4
i Авторский знак А 64
p Инвентарный номер 12996
901 Тип документа __
t Тип документа m
990 Данные о заказе (DOS) __
j Количество экземпляров (DOS) 1
t N записи в КСУ для И/У (DOS) 199101